000
00293nam a22001217a 4500
999
_c
480224
_d
480224
003
NUST
008
161024t xxu||||| |||| 00| 0 eng d
020
_a
81-8189-127-9
038
_a
Mian Adnan
082
_a
636.08
245
_a
livestock feeding strategies for dry regions
942
_2
ddc
_c
BK